| 000 | 00857nas a2200289 4500 | ||
|---|---|---|---|
| 001 | BR0901665 | ||
| 003 | BR-BrBNA | ||
| 005 | 20231205112621.0 | ||
| 007 | ta | ||
| 008 | 230509b bl.|||p| |||| 00| 00por d | ||
| 040 |
_aBR-BrBNA _bpor _cBiblioteca Nacional de Agricultura |
||
| 041 | _a(Pt) | ||
| 072 | _aP40 | ||
| 100 | 1 | _aLima, J.S. de S. | |
| 100 | 1 | _aSilva, S. de A. | |
| 100 | 1 | _aOliveira, R.B. de | |
| 100 | 1 | _aCecilio, R.A. | |
| 100 | 1 | _aXavier, A.C. | |
| 245 | 1 | _aVariabilidade temporal da precipitação mensal em Alegre, ES | |
| 650 | _aPRECIPITAÇÃO PLUVIAL | ||
| 650 | _aTEMPERATURA | ||
| 650 | _aMEIO AMBIENTE | ||
| 650 | _aESPIRITO SANTO | ||
| 773 | 0 |
_tRevista Ciencia Agronomica (Brazil) _xISSN 0045-6888 _g(Apr-Jun 2008), v. 39(2) p. 327-332 _wBR0901665 |
|
| 909 |
_a202311 _bLúcia _c55 _dLúcia Elande |
||
| 942 |
_2AGRIS _n0 _cANA |
||
| 999 |
_c198987 _d198987 |
||